| 000 | 00381nam a22001697a 4500 | ||
|---|---|---|---|
| 003 | OSt | ||
| 005 | 20211201083713.0 | ||
| 008 | 211201b |||||||| |||| 00| 0 eng d | ||
| 020 | _a1861527535 | ||
| 040 | _cHU | ||
| 082 | _a657 | ||
| 100 |
_aSTO _921173 |
||
| 245 | _aCOPERATIONN FANANCIAL REPORTING | ||
| 260 |
_aMEXICO _bSPANE _c2005 |
||
| 300 | _a636 | ||
| 942 |
_2ddc _cBOOKS _n0 |
||
| 999 |
_c20835 _d20835 |
||